[Event "45th FIDE Chess Olympiad Open"]
[Site "Budapest, Hungary"]
[Date "2024.09.20"]
[Round "9"]
[White "Cori Quispe, Kevin Joel"]
[Black "Toczek, Grzegorz"]
[Result "1-0"]
[Board "131"]
[WhiteFideId "3814017"]
[BlackFideId "1106457"]
[WhiteTitle "GM"]
[BlackTitle "FM"]
[WhiteElo "2461"]
[BlackElo "2301"]
[WhiteTeam "Mexico"]
[BlackTeam "Wales"]
[WhiteClock "0:32:23"]
[BlackClock "0:05:08"]
[Variant "Standard"]

1. e4 {[%clk 1:30:56]}  e5 {[%clk 1:30:25]} 2. Nf3 {[%clk 1:31:17]}  Nc6 {[%clk 1:30:42]} 3. Bb5 {[%clk 1:31:35]}  a6 {[%clk 1:29:36]} 4. Ba4 {[%clk 1:31:58]}  b5 {[%clk 1:29:36]} 5. Bb3 {[%clk 1:32:21]}  Na5 {[%clk 1:29:58]} 6. d4 {[%clk 1:19:05]}  exd4 {[%clk 1:29:53]} 7. Qxd4 {[%clk 1:19:24]}  Bb7 {[%clk 1:25:15]} 8. O-O {[%clk 1:14:11]}  d6 {[%clk 1:25:23]} 9. Bg5 {[%clk 1:05:53]}  f6 {[%clk 1:25:46]} 10. Bxg8 {[%clk 1:05:50]}  Rxg8 {[%clk 1:26:12]} 11. Bh4 {[%clk 1:05:58]}  Qd7 {[%clk 1:22:57]} 12. Nc3 {[%clk 1:05:40]}  Nc6 {[%clk 1:12:27]} 13. Qd2 {[%clk 1:03:44]}  Ne5 {[%clk 1:03:12]} 14. Nd4 {[%clk 1:00:02]}  Qf7 {[%clk 0:55:42]} 15. f4 {[%clk 0:56:01]}  Nc4 {[%clk 0:53:28]} 16. Qe2 {[%clk 0:56:25]}  c5 {[%clk 0:52:11]} 17. Nf5 {[%clk 0:52:38]}  O-O-O {[%clk 0:47:06]} 18. a4 {[%clk 0:45:20]}  b4 {[%clk 0:47:11]} 19. Nd5 {[%clk 0:45:20]}  Bxd5 {[%clk 0:46:19]} 20. exd5 {[%clk 0:45:44]}  Qxd5 {[%clk 0:46:16]} 21. Rad1 {[%clk 0:45:13]}  Qf7 {[%clk 0:42:37]} 22. b3 {[%clk 0:44:42]}  g6 {[%clk 0:40:30]} 23. Ng3 {[%clk 0:44:06]}  Re8 {[%clk 0:37:32]} 24. Qxc4 {[%clk 0:39:20]}  Qxc4 {[%clk 0:37:57]} 25. bxc4 {[%clk 0:39:47]}  g5 {[%clk 0:38:23]} 26. Nh5 {[%clk 0:40:05]}  gxh4 {[%clk 0:34:52]} 27. Nxf6 {[%clk 0:40:29]}  Be7 {[%clk 0:34:31]} 28. Nxe8 {[%clk 0:39:00]}  Rxe8 {[%clk 0:34:58]} 29. Rde1 {[%clk 0:39:19]}  Kd7 {[%clk 0:35:24]} 30. f5 {[%clk 0:39:44]}  Rf8 {[%clk 0:34:21]} 31. Re6 {[%clk 0:40:05]}  Bf6 {[%clk 0:23:18]} 32. Rf3 {[%clk 0:40:22]}  a5 {[%clk 0:20:48]} 33. Kf1 {[%clk 0:40:11]}  d5 {[%clk 0:20:51]} 34. cxd5 {[%clk 0:40:19]}  c4 {[%clk 0:21:18]} 35. Rc6 {[%clk 0:40:19]}  c3 {[%clk 0:21:29]} 36. Ke2 {[%clk 0:40:28]}  Be5 {[%clk 0:21:24]} 37. f6 {[%clk 0:39:52]}  Bxh2 {[%clk 0:15:09]} 38. f7 {[%clk 0:40:15]}  Bd6 {[%clk 0:15:05]} 39. Kd3 {[%clk 0:40:30]}  Be7 {[%clk 0:14:06]} 40. Ra6 {[%clk 0:40:08]}  Rc8 {[%clk 0:04:14]} 41. Ra7+ {[%clk 0:37:12]}  Kd6 {[%clk 0:04:27]} 42. Rxe7 {[%clk 0:31:30]}  Kxe7 {[%clk 0:04:51]} 43. f8=Q+ {[%clk 0:31:56]}  Rxf8 {[%clk 0:05:08]} 44. d6+ {[%clk 0:32:23]} 1-0

[Event "45th FIDE Chess Olympiad Open"]
[Site "Budapest, Hungary"]
[Date "2024.09.20"]
[Round "9"]
[White "Bullen, Alex"]
[Black "Ibarra Chami, Luis Fernando"]
[Result "0-1"]
[Board "132"]
[WhiteFideId "1801627"]
[BlackFideId "5105048"]
[WhiteTitle "CM"]
[BlackTitle "GM"]
[WhiteElo "2155"]
[BlackElo "2427"]
[WhiteTeam "Wales"]
[BlackTeam "Mexico"]
[WhiteClock "0:31:33"]
[BlackClock "0:17:38"]
[Variant "Standard"]

1. Nf3 {[%clk 1:30:56]}  d5 {[%clk 1:30:49]} 2. e3 {[%clk 1:31:16]}  Nf6 {[%clk 1:29:36]} 3. c4 {[%clk 1:31:30]}  e6 {[%clk 1:27:04]} 4. Nc3 {[%clk 1:31:46]}  a6 {[%clk 1:21:34]} 5. b3 {[%clk 1:32:04]}  c5 {[%clk 1:21:13]} 6. Bb2 {[%clk 1:30:49]}  Be7 {[%clk 1:18:11]} 7. cxd5 {[%clk 1:27:56]}  exd5 {[%clk 1:18:37]} 8. d4 {[%clk 1:27:37]}  Nc6 {[%clk 1:18:21]} 9. Be2 {[%clk 1:24:24]}  O-O {[%clk 1:16:50]} 10. O-O {[%clk 1:24:34]}  Re8 {[%clk 1:17:13]} 11. Rc1 {[%clk 1:20:11]}  cxd4 {[%clk 1:12:09]} 12. Nxd4 {[%clk 1:20:30]}  Bd6 {[%clk 1:10:45]} 13. Nxc6 {[%clk 1:11:42]}  bxc6 {[%clk 0:55:24]} 14. Na4 {[%clk 1:11:51]}  Ne4 {[%clk 0:55:24]} 15. f4 {[%clk 1:11:51]}  Bd7 {[%clk 0:55:24]} 16. Qd4 {[%clk 1:11:51]}  Bf8 {[%clk 0:55:24]} 17. Bf3 {[%clk 1:11:51]}  Rb8 {[%clk 0:55:24]} 18. Bxe4 {[%clk 1:11:51]}  Rxe4 {[%clk 0:55:24]} 19. Qc3 {[%clk 1:11:51]}  Qe7 {[%clk 0:55:24]} 20. Rf3 {[%clk 1:11:51]}  Re8 {[%clk 0:55:24]} 21. Rg3 {[%clk 1:11:51]}  d4 {[%clk 0:55:24]} 22. exd4 {[%clk 1:11:51]}  Rxf4 {[%clk 0:55:24]} 23. d5 {[%clk 1:11:51]}  f6 {[%clk 0:55:24]} 24. dxc6 {[%clk 1:11:51]}  Bxc6 {[%clk 0:55:24]} 25. Nc5 {[%clk 0:32:27]}  Qxc5+ {[%clk 0:18:17]} 26. Qxc5 {[%clk 0:31:18]}  Bxc5+ {[%clk 0:18:41]} 27. Kh1 {[%clk 0:31:33]}  Re2 {[%clk 0:17:38]} 0-1

[Event "45th FIDE Chess Olympiad Open"]
[Site "Budapest, Hungary"]
[Date "2024.09.20"]
[Round "9"]
[White "Santos Flores, Alberto"]
[Black "Cori, Jorge"]
[Result "0-1"]
[Board "133"]
[WhiteFideId "3601234"]
[BlackFideId "3802272"]
[WhiteTitle "IM"]
[BlackTitle "GM"]
[WhiteElo "2168"]
[BlackElo "2609"]
[WhiteTeam "Ecuador"]
[BlackTeam "Peru"]
[WhiteClock "0:01:48"]
[BlackClock "0:26:22"]
[Variant "Standard"]

1. d4 {[%clk 1:30:55]}  Nf6 {[%clk 1:30:33]} 2. c4 {[%clk 1:31:09]}  e6 {[%clk 1:30:02]} 3. Nf3 {[%clk 1:31:17]}  d5 {[%clk 1:27:51]} 4. Nc3 {[%clk 1:30:07]}  c6 {[%clk 1:24:51]} 5. e3 {[%clk 1:25:58]}  Nbd7 {[%clk 1:25:03]} 6. Bd3 {[%clk 1:26:23]}  Bd6 {[%clk 1:16:21]} 7. O-O {[%clk 1:22:45]}  O-O {[%clk 1:16:40]} 8. e4 {[%clk 1:16:43]}  dxc4 {[%clk 1:09:23]} 9. Bxc4 {[%clk 1:17:03]}  e5 {[%clk 1:09:47]} 10. dxe5 {[%clk 0:54:03]}  Nxe5 {[%clk 1:09:59]} 11. Nxe5 {[%clk 0:54:18]}  Bxe5 {[%clk 1:10:22]} 12. Qxd8 {[%clk 0:49:09]}  Rxd8 {[%clk 1:10:45]} 13. Re1 {[%clk 0:48:39]}  b5 {[%clk 1:08:55]} 14. Bb3 {[%clk 0:48:38]}  a5 {[%clk 1:08:07]} 15. a3 {[%clk 0:46:08]}  Rd3 {[%clk 0:52:17]} 16. Rd1 {[%clk 0:31:37]}  Rxd1+ {[%clk 0:50:50]} 17. Bxd1 {[%clk 0:32:05]}  Be6 {[%clk 0:35:20]} 18. Bf3 {[%clk 0:29:00]}  Rd8 {[%clk 0:35:03]} 19. Be3 {[%clk 0:27:30]}  Bb3 {[%clk 0:34:30]} 20. Bb6 {[%clk 0:24:39]}  Rd2 {[%clk 0:34:36]} 21. Bxa5 {[%clk 0:22:41]}  Rxb2 {[%clk 0:35:00]} 22. Rc1 {[%clk 0:22:22]}  g5 {[%clk 0:33:53]} 23. h3 {[%clk 0:20:07]}  h5 {[%clk 0:29:36]} 24. Bd8 {[%clk 0:15:43]}  Bc4 {[%clk 0:27:47]} 25. Nd1 {[%clk 0:15:12]}  Ra2 {[%clk 0:26:58]} 26. Ne3 {[%clk 0:14:52]}  Bd3 {[%clk 0:14:01]} 27. Bxf6 {[%clk 0:13:30]}  Bxf6 {[%clk 0:14:26]} 28. Rxc6 {[%clk 0:13:52]}  Be5 {[%clk 0:14:52]} 29. g3 {[%clk 0:12:56]}  Rxa3 {[%clk 0:14:59]} 30. Nd5 {[%clk 0:11:26]}  Ra1+ {[%clk 0:14:20]} 31. Kg2 {[%clk 0:11:39]}  h4 {[%clk 0:13:11]} 32. Ne7+ {[%clk 0:08:54]}  Kh7 {[%clk 0:13:25]} 33. Nf5 {[%clk 0:09:14]}  b4 {[%clk 0:13:20]} 34. Rb6 {[%clk 0:08:44]}  Rb1 {[%clk 0:13:02]} 35. Rb7 {[%clk 0:08:47]}  b3 {[%clk 0:08:24]} 36. Rxf7+ {[%clk 0:06:58]}  Kg6 {[%clk 0:08:31]} 37. Rb7 {[%clk 0:05:33]}  b2 {[%clk 0:02:05]} 38. Ne7+ {[%clk 0:04:35]}  Kf6 {[%clk 0:01:35]} 39. Nd5+ {[%clk 0:03:30]}  Ke6 {[%clk 0:01:09]} 40. Rb6+ {[%clk 0:01:53]}  Kf7 {[%clk 0:00:35]} 41. Rb7+ {[%clk 0:27:36]}  Ke6 {[%clk 0:26:25]} 42. Rb6+ {[%clk 0:27:09]}  Kd7 {[%clk 0:26:46]} 43. Bg4+ {[%clk 0:05:32]}  Kd8 {[%clk 0:27:01]} 44. Bf5 {[%clk 0:01:47]}  Re1 {[%clk 0:26:48]} 45. Nb4 {[%clk 0:01:46]}  Bf1+ {[%clk 0:24:11]} 46. Kf3 {[%clk 0:01:53]}  Be2+ {[%clk 0:24:36]} 47. Kg2 {[%clk 0:01:59]}  Rg1+ {[%clk 0:24:56]} 48. Kh2 {[%clk 0:00:35]}  hxg3+ {[%clk 0:25:19]} 49. fxg3 {[%clk 0:01:02]}  Bxg3+ {[%clk 0:25:41]} 50. Kxg1 {[%clk 0:01:23]}  b1=Q+ {[%clk 0:26:03]} 51. Kg2 {[%clk 0:01:48]}  Qf1+ {[%clk 0:26:22]} 0-1

[Event "45th FIDE Chess Olympiad Open"]
[Site "Budapest, Hungary"]
[Date "2024.09.20"]
[Round "9"]
[White "Leiva, Gianmarco"]
[Black "Noboa Silva, Kevin"]
[Result "1/2-1/2"]
[Board "134"]
[WhiteFideId "3804399"]
[BlackFideId "3618471"]
[WhiteTitle "IM"]
[BlackTitle "FM"]
[WhiteElo "2389"]
[BlackElo "2270"]
[WhiteTeam "Peru"]
[BlackTeam "Ecuador"]
[WhiteClock "0:27:30"]
[BlackClock "0:16:00"]
[Variant "Standard"]

1. e4 {[%clk 1:30:56]}  e6 {[%clk 1:30:40]} 2. d4 {[%clk 1:31:07]}  d5 {[%clk 1:30:54]} 3. Nc3 {[%clk 1:31:30]}  dxe4 {[%clk 1:30:42]} 4. Nxe4 {[%clk 1:31:47]}  Nd7 {[%clk 1:31:02]} 5. Be3 {[%clk 1:30:44]}  Ngf6 {[%clk 1:30:38]} 6. Nxf6+ {[%clk 1:31:06]}  Nxf6 {[%clk 1:26:37]} 7. Qd2 {[%clk 1:31:16]}  b6 {[%clk 1:19:41]} 8. Bb5+ {[%clk 1:24:28]}  Bd7 {[%clk 1:19:31]} 9. Bxd7+ {[%clk 1:24:53]}  Qxd7 {[%clk 1:19:48]} 10. Nf3 {[%clk 1:25:19]}  Bd6 {[%clk 1:18:33]} 11. O-O-O {[%clk 1:24:09]}  O-O-O {[%clk 1:15:16]} 12. Kb1 {[%clk 1:18:52]}  Qb5 {[%clk 1:06:52]} 13. Rhe1 {[%clk 1:13:08]}  Nd5 {[%clk 1:00:47]} 14. c3 {[%clk 1:05:38]}  h6 {[%clk 0:53:55]} 15. Qc2 {[%clk 1:01:43]}  Qc6 {[%clk 0:40:48]} 16. Bd2 {[%clk 0:40:59]}  b5 {[%clk 0:38:42]} 17. Qe4 {[%clk 0:40:58]}  Ne7 {[%clk 0:33:43]} 18. Bf4 {[%clk 0:32:03]}  Qxe4+ {[%clk 0:28:56]} 19. Rxe4 {[%clk 0:32:26]}  Ng6 {[%clk 0:27:47]} 20. Bxd6 {[%clk 0:26:11]}  Rxd6 {[%clk 0:28:11]} 21. Ne5 {[%clk 0:26:34]}  Nxe5 {[%clk 0:27:47]} 22. Rxe5 {[%clk 0:26:58]}  c6 {[%clk 0:27:24]} 23. a4 {[%clk 0:26:41]}  a6 {[%clk 0:27:22]} 24. Kc2 {[%clk 0:26:36]}  Rhd8 {[%clk 0:25:46]} 25. Rde1 {[%clk 0:21:07]}  Rd5 {[%clk 0:24:46]} 26. Kb3 {[%clk 0:14:28]}  Kc7 {[%clk 0:24:16]} 27. h4 {[%clk 0:12:35]}  Kb6 {[%clk 0:22:38]} 28. axb5 {[%clk 0:09:32]}  cxb5 {[%clk 0:21:56]} 29. f4 {[%clk 0:08:46]}  h5 {[%clk 0:16:45]} 30. f5 {[%clk 0:08:32]}  exf5 {[%clk 0:03:59]} 31. Rxd5 {[%clk 0:07:50]}  Rxd5 {[%clk 0:04:25]} 32. Re7 {[%clk 0:08:15]}  Rd6 {[%clk 0:02:50]} 33. Rxf7 {[%clk 0:08:00]}  g6 {[%clk 0:03:11]} 34. g3 {[%clk 0:03:14]}  Re6 {[%clk 0:03:26]} 35. Kc2 {[%clk 0:02:21]}  Re2+ {[%clk 0:02:43]} 36. Kc1 {[%clk 0:02:33]}  Rg2 {[%clk 0:02:31]} 37. Rf6+ {[%clk 0:01:49]}  Kb7 {[%clk 0:02:43]} 38. Rxg6 {[%clk 0:01:51]}  f4 {[%clk 0:03:08]} 39. Kb1 {[%clk 0:01:20]}  Rxg3 {[%clk 0:02:52]} 40. Rf6 {[%clk 0:00:33]}  Rg4 {[%clk 0:02:28]} 41. Kc2 {[%clk 0:00:39]}  Rxh4 {[%clk 0:28:22]} 42. Kd3 {[%clk 0:26:02]}  Rh2 {[%clk 0:22:43]} 43. Rxf4 {[%clk 0:26:12]}  Rxb2 {[%clk 0:23:06]} 44. Rf7+ {[%clk 0:26:38]}  Kb6 {[%clk 0:15:41]} 45. Rf6+ {[%clk 0:26:40]}  Kb7 {[%clk 0:15:47]} 46. Rf7+ {[%clk 0:27:05]}  Kb6 {[%clk 0:16:00]} 47. Rf6+ {[%clk 0:27:30]} 1/2-1/2

[Event "45th FIDE Chess Olympiad Open"]
[Site "Budapest, Hungary"]
[Date "2024.09.20"]
[Round "9"]
[White "Mieles Palau, Daniel"]
[Black "Fernandez Sanchez, Fernando Miguel"]
[Result "1/2-1/2"]
[Board "135"]
[WhiteFideId "3600467"]
[BlackFideId "3802299"]
[WhiteTitle "IM"]
[BlackTitle "IM"]
[WhiteElo "2321"]
[BlackElo "2399"]
[WhiteTeam "Ecuador"]
[BlackTeam "Peru"]
[WhiteClock "0:02:47"]
[BlackClock "0:01:47"]
[Variant "Standard"]

1. Nf3 {[%clk 1:30:58]}  d5 {[%clk 1:29:57]} 2. e3 {[%clk 1:29:29]}  Nf6 {[%clk 1:29:46]} 3. c4 {[%clk 1:29:46]}  c6 {[%clk 1:26:43]} 4. Nc3 {[%clk 1:29:41]}  e6 {[%clk 1:26:44]} 5. b3 {[%clk 1:28:19]}  Bd6 {[%clk 1:26:31]} 6. Bb2 {[%clk 1:28:34]}  O-O {[%clk 1:26:21]} 7. d4 {[%clk 1:27:02]}  Nbd7 {[%clk 1:26:18]} 8. Bd3 {[%clk 1:25:31]}  b6 {[%clk 1:18:00]} 9. O-O {[%clk 1:14:45]}  Bb7 {[%clk 1:18:14]} 10. Qe2 {[%clk 1:15:05]}  Qe7 {[%clk 1:15:35]} 11. e4 {[%clk 1:04:30]}  dxe4 {[%clk 1:09:51]} 12. Nxe4 {[%clk 1:04:49]}  Nxe4 {[%clk 1:10:03]} 13. Qxe4 {[%clk 0:59:27]}  f5 {[%clk 1:10:02]} 14. Qe2 {[%clk 0:58:43]}  c5 {[%clk 1:09:53]} 15. dxc5 {[%clk 0:39:09]}  Nxc5 {[%clk 1:03:44]} 16. Bc2 {[%clk 0:39:11]}  Rad8 {[%clk 0:47:47]} 17. Rad1 {[%clk 0:39:33]}  Ne4 {[%clk 0:47:01]} 18. Bxe4 {[%clk 0:25:50]}  fxe4 {[%clk 0:19:50]} 19. Nd4 {[%clk 0:20:02]}  Qh4 {[%clk 0:15:04]} 20. h3 {[%clk 0:17:13]}  Qf4 {[%clk 0:12:39]} 21. g3 {[%clk 0:17:26]}  Qh6 {[%clk 0:10:50]} 22. h4 {[%clk 0:09:33]}  Bc5 {[%clk 0:09:51]} 23. Bc1 {[%clk 0:09:08]}  Qg6 {[%clk 0:09:20]} 24. Be3 {[%clk 0:09:33]}  h6 {[%clk 0:08:32]} 25. h5 {[%clk 0:09:01]}  Qf7 {[%clk 0:07:41]} 26. Qg4 {[%clk 0:08:07]}  Kh8 {[%clk 0:06:03]} 27. Qg6 {[%clk 0:05:42]}  Bxd4 {[%clk 0:02:02]} 28. Bxd4 {[%clk 0:04:22]}  Qxg6 {[%clk 0:01:24]} 29. hxg6 {[%clk 0:04:51]}  e3 {[%clk 0:01:19]} 30. fxe3 {[%clk 0:03:51]}  Kg8 {[%clk 0:00:41]} 31. Rxf8+ {[%clk 0:01:22]}  Rxf8 {[%clk 0:01:09]} 32. Rf1 {[%clk 0:01:51]}  Rxf1+ {[%clk 0:01:13]} 33. Kxf1 {[%clk 0:02:20]}  Be4 {[%clk 0:01:27]} 34. c5 {[%clk 0:02:19]}  bxc5 {[%clk 0:01:47]} 35. Bxc5 {[%clk 0:02:47]} 1/2-1/2

[Event "45th FIDE Chess Olympiad Open"]
[Site "Budapest, Hungary"]
[Date "2024.09.20"]
[Round "9"]
[White "Delgado Romero, Marco"]
[Black "Munoz Sanchez, Miguel"]
[Result "1-0"]
[Board "136"]
[WhiteFideId "3832457"]
[BlackFideId "3600734"]
[BlackTitle "IM"]
[WhiteElo "2390"]
[BlackElo "2181"]
[WhiteTeam "Peru"]
[BlackTeam "Ecuador"]
[WhiteClock "0:01:05"]
[BlackClock "0:00:56"]
[Variant "Standard"]

1. d4 {[%clk 1:30:53]}  Nf6 {[%clk 1:30:48]} 2. c4 {[%clk 1:31:02]}  g6 {[%clk 1:31:12]} 3. Nc3 {[%clk 1:31:10]}  d5 {[%clk 1:31:38]} 4. cxd5 {[%clk 1:30:31]}  Nxd5 {[%clk 1:32:03]} 5. e4 {[%clk 1:30:58]}  Nxc3 {[%clk 1:32:28]} 6. bxc3 {[%clk 1:31:26]}  Bg7 {[%clk 1:32:52]} 7. Bc4 {[%clk 1:31:51]}  c5 {[%clk 1:33:16]} 8. Ne2 {[%clk 1:32:16]}  O-O {[%clk 1:33:29]} 9. O-O {[%clk 1:32:22]}  Nc6 {[%clk 1:33:55]} 10. Be3 {[%clk 1:32:49]}  b6 {[%clk 1:34:00]} 11. Qd2 {[%clk 1:26:53]}  Na5 {[%clk 1:31:55]} 12. Bd3 {[%clk 1:23:17]}  Qc7 {[%clk 1:30:37]} 13. Bh6 {[%clk 1:19:17]}  Rd8 {[%clk 1:27:47]} 14. Bxg7 {[%clk 1:11:50]}  Kxg7 {[%clk 1:22:30]} 15. Rac1 {[%clk 1:09:20]}  Bb7 {[%clk 1:09:26]} 16. Qe3 {[%clk 1:05:42]}  Rac8 {[%clk 1:08:06]} 17. h4 {[%clk 1:04:48]}  Qd7 {[%clk 1:02:24]} 18. h5 {[%clk 0:52:57]}  cxd4 {[%clk 0:58:50]} 19. cxd4 {[%clk 0:52:17]}  Rxc1 {[%clk 0:56:39]} 20. Qxc1 {[%clk 0:45:54]}  Rc8 {[%clk 0:53:13]} 21. Qg5 {[%clk 0:39:57]}  Nc6 {[%clk 0:36:45]} 22. Rd1 {[%clk 0:33:27]}  Nb4 {[%clk 0:29:59]} 23. Bb5 {[%clk 0:26:55]}  Bc6 {[%clk 0:28:38]} 24. Bxc6 {[%clk 0:26:58]}  Nxc6 {[%clk 0:27:39]} 25. Qd2 {[%clk 0:20:39]}  Na5 {[%clk 0:26:01]} 26. d5 {[%clk 0:13:23]}  Qa4 {[%clk 0:23:41]} 27. Nd4 {[%clk 0:12:41]}  Nc4 {[%clk 0:21:14]} 28. h6+ {[%clk 0:12:53]}  Kg8 {[%clk 0:21:05]} 29. Rc1 {[%clk 0:12:31]}  Rc5 {[%clk 0:16:32]} 30. Qf4 {[%clk 0:08:51]}  Nd6 {[%clk 0:15:04]} 31. e5 {[%clk 0:09:07]}  Nf5 {[%clk 0:14:32]} 32. e6 {[%clk 0:09:26]}  Rxc1+ {[%clk 0:11:04]} 33. Qxc1 {[%clk 0:09:39]}  Nxh6 {[%clk 0:11:07]} 34. d6 {[%clk 0:00:44]}  Qxd4 {[%clk 0:05:38]} 35. dxe7 {[%clk 0:01:12]}  Qa4 {[%clk 0:06:02]} 36. Qc8+ {[%clk 0:01:13]}  Kg7 {[%clk 0:06:28]} 37. Qf8+ {[%clk 0:00:44]}  Kf6 {[%clk 0:06:51]} 38. e8=N+ {[%clk 0:01:12]}  Kf5 {[%clk 0:02:26]} 39. Ng7+ {[%clk 0:01:22]}  Kg5 {[%clk 0:00:46]} 40. Qd8+ {[%clk 0:01:41]}  f6 {[%clk 0:00:56]} 41. Qd2+ {[%clk 0:01:05]} 1-0

[Event "45th FIDE Chess Olympiad Open"]
[Site "Budapest, Hungary"]
[Date "2024.09.20"]
[Round "9"]
[White "Wiedenkeller, Michael"]
[Black "Nielsen, Hogni Egilstoft"]
[Result "1/2-1/2"]
[Board "137"]
[WhiteFideId "1700146"]
[BlackFideId "7200404"]
[WhiteTitle "IM"]
[BlackTitle "FM"]
[WhiteElo "2406"]
[BlackElo "2379"]
[WhiteTeam "Luxembourg"]
[BlackTeam "Faroe Islands"]
[WhiteClock "0:03:42"]
[BlackClock "0:03:53"]
[Variant "Standard"]

1. d4 {[%clk 1:30:53]}  Nf6 {[%clk 1:30:43]} 2. c4 {[%clk 1:30:50]}  e6 {[%clk 1:30:50]} 3. g3 {[%clk 1:30:50]}  c5 {[%clk 1:29:00]} 4. d5 {[%clk 1:31:03]}  exd5 {[%clk 1:29:18]} 5. cxd5 {[%clk 1:31:26]}  d6 {[%clk 1:29:30]} 6. Nc3 {[%clk 1:30:19]}  g6 {[%clk 1:29:04]} 7. Bf4 {[%clk 1:29:40]}  Bg7 {[%clk 1:23:27]} 8. Nf3 {[%clk 1:29:29]}  O-O {[%clk 1:23:40]} 9. Bg2 {[%clk 1:29:52]}  Re8 {[%clk 1:19:35]} 10. O-O {[%clk 1:30:11]}  a6 {[%clk 1:18:44]} 11. a4 {[%clk 1:30:31]}  Ne4 {[%clk 1:15:36]} 12. Nxe4 {[%clk 1:26:24]}  Rxe4 {[%clk 1:15:51]} 13. Nd2 {[%clk 1:25:31]}  Rb4 {[%clk 1:15:17]} 14. Ra2 {[%clk 1:14:34]}  Qe7 {[%clk 0:44:16]} 15. Qc1 {[%clk 0:52:58]}  Nd7 {[%clk 0:20:59]} 16. Nc4 {[%clk 0:40:15]}  Ne5 {[%clk 0:20:42]} 17. Nxe5 {[%clk 0:38:28]}  Bxe5 {[%clk 0:20:54]} 18. Bd2 {[%clk 0:37:59]}  a5 {[%clk 0:21:05]} 19. Bxb4 {[%clk 0:29:09]}  axb4 {[%clk 0:21:22]} 20. Qc2 {[%clk 0:27:17]}  Ra5 {[%clk 0:18:17]} 21. Rfa1 {[%clk 0:17:53]}  Bd7 {[%clk 0:15:35]} 22. e3 {[%clk 0:17:20]}  Bg7 {[%clk 0:12:43]} 23. Bf1 {[%clk 0:16:44]}  Qe5 {[%clk 0:11:18]} 24. Bc4 {[%clk 0:16:00]}  Bf5 {[%clk 0:10:38]} 25. Qe2 {[%clk 0:15:46]}  Be4 {[%clk 0:08:30]} 26. Rd1 {[%clk 0:10:48]}  Qf5 {[%clk 0:05:18]} 27. Rd2 {[%clk 0:08:24]}  Bf3 {[%clk 0:04:37]} 28. Qf1 {[%clk 0:06:11]}  h5 {[%clk 0:04:16]} 29. Qd3 {[%clk 0:03:19]}  Qh3 {[%clk 0:03:36]} 30. Qf1 {[%clk 0:03:42]}  Qf5 {[%clk 0:03:53]} 1/2-1/2

[Event "45th FIDE Chess Olympiad Open"]
[Site "Budapest, Hungary"]
[Date "2024.09.20"]
[Round "9"]
[White "Egilstoft, Rogvi"]
[Black "Berend, Elvira"]
[Result "1-0"]
[Board "138"]
[WhiteFideId "7200447"]
[BlackFideId "4000510"]
[WhiteTitle "FM"]
[BlackTitle "WGM"]
[WhiteElo "2278"]
[BlackElo "2219"]
[WhiteTeam "Faroe Islands"]
[BlackTeam "Luxembourg"]
[WhiteClock "0:02:34"]
[BlackClock "0:05:45"]
[Variant "Standard"]

1. e4 {[%clk 1:30:52]}  c5 {[%clk 1:30:52]} 2. c3 {[%clk 1:30:52]}  Nf6 {[%clk 1:31:13]} 3. e5 {[%clk 1:31:07]}  Nd5 {[%clk 1:31:32]} 4. Nf3 {[%clk 1:28:53]}  e6 {[%clk 1:31:34]} 5. d4 {[%clk 1:28:51]}  cxd4 {[%clk 1:31:52]} 6. cxd4 {[%clk 1:29:11]}  d6 {[%clk 1:32:07]} 7. Bc4 {[%clk 1:26:59]}  Be7 {[%clk 1:28:11]} 8. O-O {[%clk 1:26:48]}  O-O {[%clk 1:28:31]} 9. Qe2 {[%clk 1:26:54]}  b6 {[%clk 1:28:29]} 10. Rd1 {[%clk 1:24:42]}  Bb7 {[%clk 1:27:39]} 11. Bxd5 {[%clk 1:22:23]}  exd5 {[%clk 1:27:20]} 12. Nc3 {[%clk 1:21:46]}  Na6 {[%clk 1:26:42]} 13. Be3 {[%clk 1:20:14]}  Nc7 {[%clk 1:26:05]} 14. Qd3 {[%clk 1:18:51]}  Bc8 {[%clk 1:14:17]} 15. h3 {[%clk 1:10:34]}  f6 {[%clk 1:03:41]} 16. Rac1 {[%clk 0:53:22]}  Ba6 {[%clk 1:00:19]} 17. Qc2 {[%clk 0:38:45]}  Bb7 {[%clk 0:53:56]} 18. exf6 {[%clk 0:33:13]}  Bxf6 {[%clk 0:51:56]} 19. Qb3 {[%clk 0:29:30]}  Rf7 {[%clk 0:48:10]} 20. a4 {[%clk 0:27:32]}  Rb8 {[%clk 0:37:44]} 21. Bf4 {[%clk 0:20:37]}  Be7 {[%clk 0:31:48]} 22. Bg3 {[%clk 0:20:21]}  Bc8 {[%clk 0:31:46]} 23. Ne1 {[%clk 0:14:45]}  Bg5 {[%clk 0:29:52]} 24. Rc2 {[%clk 0:14:40]}  Be6 {[%clk 0:22:57]} 25. Nd3 {[%clk 0:08:43]}  a5 {[%clk 0:20:33]} 26. Qa3 {[%clk 0:04:35]}  Rd7 {[%clk 0:18:31]} 27. Nb5 {[%clk 0:02:38]}  Ne8 {[%clk 0:17:11]} 28. Re2 {[%clk 0:01:00]}  Bf7 {[%clk 0:17:12]} 29. Rde1 {[%clk 0:01:11]}  Bh5 {[%clk 0:16:03]} 30. Rc2 {[%clk 0:01:23]}  Bg6 {[%clk 0:11:43]} 31. Rc6 {[%clk 0:01:28]}  Rc8 {[%clk 0:11:13]} 32. Rxc8 {[%clk 0:00:52]}  Qxc8 {[%clk 0:11:36]} 33. Nf4 {[%clk 0:01:05]}  Bf7 {[%clk 0:10:56]} 34. Qb3 {[%clk 0:00:35]}  Nf6 {[%clk 0:05:53]} 35. Nc3 {[%clk 0:00:39]}  Bxf4 {[%clk 0:03:17]} 36. Bxf4 {[%clk 0:01:07]}  Qb7 {[%clk 0:02:03]} 37. Nb5 {[%clk 0:01:12]}  Ne8 {[%clk 0:01:46]} 38. Qg3 {[%clk 0:01:17]}  Qb8 {[%clk 0:02:00]} 39. Re3 {[%clk 0:00:54]}  Qd8 {[%clk 0:01:20]} 40. Re1 {[%clk 0:00:47]}  Qf6 {[%clk 0:01:13]} 41. Rc1 {[%clk 0:27:05]}  Qe7 {[%clk 0:25:48]} 42. Kh2 {[%clk 0:25:47]}  Qe2 {[%clk 0:25:01]} 43. Rc8 {[%clk 0:24:04]}  Qe6 {[%clk 0:21:50]} 44. Bxd6 {[%clk 0:23:01]}  h6 {[%clk 0:19:26]} 45. Qe5 {[%clk 0:18:04]}  Qg6 {[%clk 0:14:46]} 46. Qg3 {[%clk 0:12:49]}  Qe6 {[%clk 0:13:11]} 47. Be5 {[%clk 0:13:10]}  Kh7 {[%clk 0:13:30]} 48. Qc3 {[%clk 0:11:21]}  Qf5 {[%clk 0:12:26]} 49. Qc2 {[%clk 0:11:04]}  Qxc2 {[%clk 0:12:11]} 50. Rxc2 {[%clk 0:11:28]}  Bg6 {[%clk 0:12:24]} 51. Rc8 {[%clk 0:09:40]}  Rb7 {[%clk 0:12:43]} 52. f3 {[%clk 0:08:05]}  Bf7 {[%clk 0:13:01]} 53. Rd8 {[%clk 0:06:43]}  g5 {[%clk 0:13:14]} 54. Kg1 {[%clk 0:05:32]}  Kg6 {[%clk 0:13:30]} 55. Kf2 {[%clk 0:05:35]}  Ng7 {[%clk 0:13:43]} 56. Nd6 {[%clk 0:04:49]}  Ra7 {[%clk 0:12:42]} 57. Rb8 {[%clk 0:04:45]}  Ne6 {[%clk 0:12:29]} 58. Ke3 {[%clk 0:03:39]}  h5 {[%clk 0:10:20]} 59. g4 {[%clk 0:03:59]}  h4 {[%clk 0:10:19]} 60. Rxb6 {[%clk 0:04:12]}  Ra8 {[%clk 0:10:06]} 61. Rb7 {[%clk 0:03:29]}  Bg8 {[%clk 0:10:17]} 62. Nf5 {[%clk 0:02:50]}  Bf7 {[%clk 0:07:45]} 63. Ne7+ {[%clk 0:03:03]}  Kh6 {[%clk 0:08:04]} 64. Nxd5 {[%clk 0:02:14]}  Nf4 {[%clk 0:04:19]} 65. Nxf4 {[%clk 0:01:31]}  gxf4+ {[%clk 0:04:39]} 66. Bxf4+ {[%clk 0:01:54]}  Kg6 {[%clk 0:05:04]} 67. Rb6+ {[%clk 0:02:08]}  Kg7 {[%clk 0:05:25]} 68. Be5+ {[%clk 0:02:28]}  Kh7 {[%clk 0:05:45]} 69. Rb7 {[%clk 0:02:40]}  Kg8 {[%clk 0:05:45]} 70. f4 {[%clk 0:02:34]} 1-0